| 000 | 00841nam a2200217 i 4500 | ||
|---|---|---|---|
| 001 | 100234 | ||
| 003 | ES-MaACL | ||
| 005 | 20250902085400.0 | ||
| 007 | t| | ||
| 008 | 050923s1972 sp ||||1| spa d | ||
| 100 | 1 |
_aMartínez Ruiz, Julián _978389 |
|
| 245 | 1 | 0 |
_aFiliación de los seminaristas del Real Seminario Patriótico Bascongado y de Nobles de Vergara / _cpor Julián Martínez Ruiz. |
| 260 |
_aSan Sebastián : _bReal Sociedad Vascongada de Amigos del País, _c1972. |
||
| 300 |
_a143 p. con 2 lám. ; _c24 cm. |
||
| 610 | 2 | 4 |
_aReal Seminario de Vergara- _vHistoria. _9157730 |
| 650 | 0 | 4 |
_aNobleza- _zEspaña- _yS.XVIII. _915579 |
| 650 | 4 |
_aNobleza- _zEspaña- _yS.XIX. _9157731 |
|
| 710 | 2 |
_aReal Sociedad Bascongada de los Amigos del País _96366 |
|
| 852 |
_aES-MaACL _jC-43033 _bR.82294 |
||
| 999 |
_c100234 _d100234 |
||